Syndicate sex

Saved in:
Bibliografiske detaljer
Hovedforfatter: Sean
Format: Bog
Sprog:engelsk
Tags: Tilføj Tag
Ingen Tags, Vær først til at tagge denne postø!

MARC

LEADER 00000nam a2200000 4500
005 20240724162834.0
008 240724b |||||||| |||| 00| 0 eng d
040 |c GP 
100 |a Sean 
245 |a Syndicate sex 
942 |2 ddc  |c BK  |n 0 
952 |0 0  |1 0  |2 ddc  |4 0  |6 741_500000000000000_SEA  |7 1  |9 1680  |a RM  |b RM  |d 2024-07-24  |l 0  |o 741.5 SEA  |p 200  |r 2024-07-24 16:28:54  |w 2024-07-24  |y BK 
999 |c 1493  |d 1493